Zdaňovanie príjmov v Írsku

Daňový systém v Írsku. Daň z príjmov fyzických osôb. Daň z príjmov právnických osôb (korporátna daň). Typy zrážkových daní. Daňovo-odvodové zaťaženie v Írsku a na Slovensku. Daňovo-odvodové zaťaženie priemerného zamestnanca v EÚ.

Enregistré dans:
Détails bibliographiques
Auteur principal: Ďurinová, Ivona, 1964-
Format: Chapitre de livre
Langue:slovaque
Sujets:
Tags: Ajouter un tag
Pas de tags, Soyez le premier à ajouter un tag!

MARC

LEADER 00000naa$a2200000$$$4500
001 0181109
005 20240502073112.8
041 0 |a slo 
044 |a SK 
245 1 0 |a Zdaňovanie príjmov v Írsku  |c Ivona Ďurinová 
520 |a Daňový systém v Írsku. Daň z príjmov fyzických osôb. Daň z príjmov právnických osôb (korporátna daň). Typy zrážkových daní. Daňovo-odvodové zaťaženie v Írsku a na Slovensku. Daňovo-odvodové zaťaženie priemerného zamestnanca v EÚ. 
610 2 0 |a dane z príjmov 
610 2 0 |a osoby fyzické 
610 2 0 |a osoby právnické 
610 2 0 |a odvody 
610 2 0 |a daňovníci 
610 2 0 |a dane zrážkové 
610 2 0 |a Írsko 
100 1 |a Ďurinová, Ivona, 1964-